Science Quiz

Random Science or Animal Quiz

Giant Bugs Quiz Stats

 Plays Quiz Updated Feb 20, 2020

Support Sporcle.
Go Orange.
Score 0/20 Timer 05:00
4 Plays Today
Arthropod % Correct
House Fly
88.9%
Bullet Ant
83.6%
Praying Mantis
80.4%
Honeybee
80.3%
Wasp
67.3%
American Cockroach
59.4%
Flea
53.9%
Dust Mite
51.9%
Long-horned Beetle
49.8%
Ladybug
43.3%
Arthropod % Correct
Mosquito
41.9%
Earwig
38.2%
Common Darter Dragonfly
35.4%
Termite
33.9%
Aphid
32.2%
Bedbug
30.3%
Caterpillar
27.3%
Bluebottle Fly Maggot
17.2%
Grain Weevil
16.7%
Bluetail Damselfly
9.7%

From the Vault

England & France: At War?

by Tasi

History 4m
Allies or enemies? Well, it's complicated.
Remove Ads.
Support Sporcle.
Get the best of Sporcle when you Go Orange. This ad-free experience offers more features, more stats, and more fun while also helping to support Sporcle. Thank you for becoming a member.

Show Comments

Extras

Top Quizzes Today


Score Distribution

Your Account Isn't Verified!

In order to create a playlist on Sporcle, you need to verify the email address you used during registration. Go to your Sporcle Settings to finish the process.

Report this User

Report this user for behavior that violates our Community Guidelines.

Details: